LEADER 01046nam2 2200337 450 001 990002782450203316 005 20060717124905.0 035 $a000278245 035 $aUSA01000278245 035 $a(ALEPH)000278245USA01 035 $a000278245 100 $a20060717g19942003km-y0itay50------ba 101 0 $ager 102 $aDE 105 $aa|||||||001yy 200 1 $a<<8.>> : Deutsche Musiktheorie des 15. bis 17. Jahrhunderts 210 $aDarmstadt$cWissenschaftliche Buchgesellschaft$d1994-2003 215 $a2 v.$cill.$d23 cm 461 1$1001000146231$12001$aGeschichte der Musiktheorie 606 0 $aMusica$xEstetica$xStoria 676 $a781 801 0$aIT$bsalbc$gISBD 912 $a990002782450203316 951 $aXIII.3.B. 51/ 8$bL.M.$cXIII.3. 959 $aBK 969 $aUMA 979 $aANNAMARIA$b90$c20060717$lUSA01$h1242 979 $aANNAMARIA$b90$c20060717$lUSA01$h1246 979 $aANNAMARIA$b90$c20060717$lUSA01$h1249 996 $aDeutsche Musiktheorie des 15. bis 17. Jahrhunderts$9996712 997 $aUNISA LEADER 00944nam0-2200337---450- 001 990009461390403321 005 20111024163403.0 010 $a9782841004355 035 $a000946139 035 $aFED01000946139 035 $a(Aleph)000946139FED01 035 $a000946139 100 $a20111024d2008----km-y0itay50------ba 101 0 $afre 102 $aFR 105 $a--------001yy 200 1 $a<>Parthénon$eun monument dans l'histoire$fFrançois Queyrel$gdessins de Florence André 210 $aParis$cBartillat$d2008 215 $a235 p., [4] c. di tav.$cill.$d20 cm 610 0 $aAtene$aPartenone 676 $a726.1 676 $a722.8 700 1$aQueyrel,$bFrançois$0389087 702 1$aAndré,$bFlorence 801 0$aIT$bUNINA$gRICA$2UNIMARC 901 $aBK 912 $a990009461390403321 952 $a726.1 QUE 1$bDip.Disc.St. 12526$fFLFBC 959 $aFLFBC 996 $aParthénon$9853201 997 $aUNINA LEADER 00877nam0-22002891i-450- 001 990007053240403321 005 20020228 035 $a000705324 035 $aFED01000705324 035 $a(Aleph)000705324FED01 035 $a000705324 100 $a20020228d1939----km-y0itay50------ba 101 0 $ager 105 $ay---m---001yy 200 1 $aPolitik und Gesinnung bei Demosthenes$eein Versuch zum Bilde der Politik des Demosthenes im Anscluss an die 13. Rede$fFranz Grundt 210 $aBleicherode am Harz$cNieft$d1939 215 $a79 p.$d24 cm 328 $aDissertation 676 $a809.5$v20$zita 700 1$aGrundt,$bFranz$0259324 801 0$aIT$bUNINA$gRICA$2UNIMARC 901 $aBK 912 $a990007053240403321 952 $aDISSERTAZIONE E III 2$b47765$fFGBC 959 $aFGBC 996 $aPolitik und Gesinnung bei Demosthenes$9708497 997 $aUNINA LEADER 01250nam0-2200409---450 001 990008205640403321 005 20200601074752.0 010 $a88-424-9004-0 035 $a000820564 035 $aFED01000820564 035 $a(Aleph)000820564FED01 035 $a000820564 100 $a20051014d2004----km-y0itay50------ba 101 1 $aita$ceng 102 $aIT 105 $aa-------001yy 200 1 $aArchitettura, tempo, eternità$eil simbolismo degli astri e del tempo nell'architettura della tradizione$fAdrian Snodgrass$ga cura di Guglielmo Bilancioni 210 $a[Milano]$cBruno Mondadori$d2004 215 $aXXV, 594 p.$cill.$d23 cm 225 1 $aSintesi 454 0$12001$aArchitecture, time and eternity$91309031 610 0 $aSimbolismo in architettura 610 0 $aSpazio 610 0 $aTempo 610 0 $aAstri 610 0 $aArchitettura$aTeoria 700 1$aSnodgrass,$bAdrian$0498722 702 1$aBilancioni,$bGuglielmo$f<1950- > 801 0$aIT$bUNINA$gRICA$2UNIMARC 901 $aBK 912 $a990008205640403321 952 $aB 823 CAN$b4252 URB$fDARPU 952 $a08 AM 117$b1595$fDINED 959 $aDARPU 959 $aDINED 996 $aArchitecture, Time and Eternity$91309031 997 $aUNINA